Clap your hands / (Record no. 3568)

MARC details
000 -LEADER
fixed length control field 00992pam a2200277 a 4500
005 - DATE AND TIME OF LATEST TRANSACTION
control field 20240320155520.0
020 ## - INTERNATIONAL STANDARD BOOK NUMBER
International Standard Book Number 0590470671
040 ## - CATALOGING SOURCE
Original cataloging agency DLC
Transcribing agency DLC
Modifying agency DLC
Language of cataloging eng
050 00 - LIBRARY OF CONGRESS CALL NUMBER
Classification number PZ8.3.C3133
Item number 1992
082 00 - DEWEY DECIMAL CLASSIFICATION NUMBER
Classification number 808.068
100 1# - MAIN ENTRY--PERSONAL NAME
Personal name Cauley, Lorinda Bryan
245 10 - TITLE STATEMENT
Title Clap your hands /
Statement of responsibility, etc. Lorinda Bryan Cauley
250 ## - EDITION STATEMENT
Edition statement First Scholastic printing , February 1993
260 ## - PUBLICATION, DISTRIBUTION, ETC.
Place of publication, distribution, etc. New York :
Name of publisher, distributor, etc. Scholastic,
Date of publication, distribution, etc. 1992
300 ## - PHYSICAL DESCRIPTION
Extent 32 unnumbered pages :
Other physical details color illustrations ;
Dimensions 22 cm .
505 ## - FORMATTED CONTENTS NOTE
Formatted contents note G <br/>
520 ## - SUMMARY, ETC.
Summary, etc. Rhyming text instructs the listener to find something yellow, roar like a lion, give a kiss, tell a secret, spin in a circle, and perform other playful activities along with the human and animal characters pictured.
521 ## - TARGET AUDIENCE NOTE
Target audience note 410 <br/>
Source Lexile <br/>
521 ## - TARGET AUDIENCE NOTE
Target audience note G <br/>
Source Raz-Plus <br/>
650 #1 - SUBJECT ADDED ENTRY--TOPICAL TERM
Topical term or geographic name entry element Play
General subdivision Fiction
650 #1 - SUBJECT ADDED ENTRY--TOPICAL TERM
Topical term or geographic name entry element Animals
General subdivision Fiction
650 #1 - SUBJECT ADDED ENTRY--TOPICAL TERM
Topical term or geographic name entry element Stories in rhyme
906 ## - LOCAL DATA ELEMENT F, LDF (RLIN)
a 7
b cbc
c orignew
d 1
e ocip
f 19
g y-gencatlg
942 ## - ADDED ENTRY ELEMENTS (KOHA)
Source of classification or shelving scheme Dewey Decimal Classification
Koha item type Books
Suppress in OPAC No
999 ## -
-- 3568
-- 3568
Holdings
Withdrawn status Lost status Source of classification or shelving scheme Damaged status Not for loan Collection Home library Current library Shelving location Date acquired Total Checkouts Full call number Barcode Date last seen Price effective from Koha item type Date last checked out Copy number
    Dewey Decimal Classification     Juvenile Fiction Footprints International School Library Network Toul Kork Campus Footprints International School Library Network Toul Kork Campus   03/20/2024   CAU 808.068 PZ8.C3133 FISTK02270 03/20/2024 03/20/2024 Books    
    Dewey Decimal Classification     Juvenile Fiction Footprints International School Library Network Toul Kork Campus Footprints International School Library Network Toul Kork Campus TK Primary Library Room(4th Floor), Bookcase 3&4, Shelves 17-32, Yellow Books 11/04/2024 2 CAU 808.068 PZ8.C3133 2024-2280 12/18/2024 11/04/2024 Books 12/11/2024 2